000 00511nam a2200181Ia 4500
008 090123s9999 xx 000 0 und d
082 _b19194
_a891.463/सप्रे
100 _aसप्रे मधुवंती
245 _aद्रौपदी
250 _a1
260 _c1991
300 _a118
600 _aसप्रे मधुवंती
630 _aद्रौपदी
700 _aसप्रे मधुवंती
730 _aद्रौपदी
942 _cBOOK
999 _c57259
_d57259